Freddie Mercury - quiz wielokrotnego wyboru - Statystyki

Ogólne statystyki
  • Ten quiz został rozwiązany 34 razy
  • Średni wynik to 10 z 13
Statystyki odpowiedzi
Zagadnienie Odpowiedź % Poprawnych
Ulubiony instrument muzyczny Freddiego to fortepian
100%
Freddie Mercury był wokalistą zespołu Queen
100%
Prawdziwe imię Freddiego to Farrokh Bulsara
96%
Na powikłania związane, z którą chorobą zmarł Mercury? AIDS
93%
Najpopularniejszym utworem zespołu, napisanym przez samego Freddiego jest Bohemian Rhapsody
93%
Który utwór jest wspólnym dziełem Davida Bowiego i zespołu Mercurego? Under Pressure
85%
Który z albumów został wydany przez Freddiego solowo? Mr. Bad Guy
78%
Kobieta, z którą Freddie był w związku przez 6 lat to Mary Austin
74%
W którym dzisiejszym państwie urodził się Freddie? Tanzania
74%
Freddie był wyznawcą Zaratusztrianizmu
74%
Kiedy dokładnie zmarł Freddie Mercury? 24 listopada 1991
63%
Album, z którego pochodzi powyższy utwór Hot Space
59%
W którym mieście znajduje się pomnik Freddiego Mercurego odsłonięty w 1996r.? Montreux
44%
Nie znaleziono quizów pasujących do podanych kryteriów
Rozkład punktacji
Procent ludzi z każdym wynikiem
Percentyl według liczby udzielonych odpowiedzi
Twoja historia wyników
Nie rozwiązałeś tego quizu